000 00549nam a22002177a 4500
003 UA-OsUOA
001 36072
007 ta
008 20060118b un ||||| |||| 00| 0 ukr d
100 _aДзюба І.
090 _a81
942 _cSA
040 _aUA-OsUOA
_bukr
_cUA-OsUOA
_dUA-OsUOA
245 _aВірність собі
300 _aС.25-28
955 _a2
041 _aukr
080 _a81
773 0 _w36069
650 7 _a8 Мовознавство. Художня література. Літературознавство
_2UDC
999 _c322340
_d322340